000 00630nam a2200229Ia 4500
001 16894
003 GE_BSU
008 181216s||||||||xx |||||||||||||| ||und||
040 _cGE_BSU
080 _a821.161.1-31
100 _aტოლსტოი, ლ.
245 _aაღდგომა
245 _bრომანი
245 _cთარგმ. ი. მაჭავარიანმა
260 _aთბილისი
260 _bსაბჭ. მწერალი
260 _c1962
300 _a619გვ. ; 21სმ
653 _aაღდგომა
653 _aრომანი
942 _cBK
999 _c49958
_d49958